| 000 | 00758nam a2200205Ia 4500 | ||
|---|---|---|---|
| 005 | 20260121110029.0 | ||
| 008 | 008 260114s9999 xx 000 0 hin d | ||
| 020 | _a9788132360216 | ||
| 037 | _aEBOOK | ||
| 040 |
_aCRL _bhin _cCRL |
||
| 041 |
_ahin _2hin |
||
| 084 | _qCRL | ||
| 100 |
_aसुखदेव राजभर / Sukhdev Rajbhar _9941180 |
||
| 245 | 0 | _aसत्त कृषि एवं जैव प्रौद्योगिकी में सूक्ष्म जीव / Satt Krishi aur Jaiv Praudyogiki mein Sookshma Jeev | |
| 260 |
_bभाषा प्रकाशन / Bhasha Prakashan _c2021 |
||
| 856 | _uhttps://bhashaprakashan.com/product-details/382665 | ||
| 942 | _cEBOOK | ||
| 999 |
_c1532845 _d1532845 |
||